000 00356nam a2200145Ia 4500
008 230917s9999||||xx |||||||||||||| ||und||
040 _e105665
_aMAIN
041 _aEnglish
082 _a657.48 T829F
100 _aTulsian, P C
245 0 _aFinancial accounting
260 _aSingapore
_bPearson Education
_c2003
300 _axv, A-11 p.
942 _cBK
999 _c110416
_d110416